000 00624nam a2200205 i 4500
001 63364
003 ES-MaACL
005 20230906164836.0
007 t|
008 031209s1981 it ||||1| ita d
020 _a88-7048-033-X
080 _a930.1
100 1 _aFerrater Mora, José.
_950338
245 1 0 _aQuattro visioni della storia universale /
_cJosé Ferrater Mora ; saggio crítico, traduccione e note di Walter Cariddi.
260 _a[Lecce] :
_bMilella,
_c[1981]
300 _a141 p. ;
_c21 cm.
650 4 _aHistoria-
_xFilosofía.
_913380
700 1 _aCariddi, Walter.
_935244
852 _aES-MaACL
_jL-7791
999 _c63364
_d63364